| 000 | 00892cam a2200229 4500 | ||
|---|---|---|---|
| 001 | WB3745-13 | ||
| 008 | 011128n2001 000 0 eng u | ||
| 035 | _a(Sirsi) u115776 | ||
| 245 | _aStrict deadlines for decent homes | ||
| 260 | _c2001 | ||
| 490 |
_aInside Housing _v 23 November 2001, 8(1) |
||
| 520 | _aGovernment has issued strict deadlines in order to bring one-third of non decent social housing up to standard by 2005. This deadline is aimed at the most deprived areas; these areas will receive money first for this purpose: more affluent areas are expected to meet the decency targets 5 years later. | ||
| 590 | _aWB | ||
| 650 | _aREGISTERED SOCIAL LANDLORDS | ||
| 650 | _aLOCAL AUTHORITY HOUSING | ||
| 650 | _aHOUSING STANDARDS | ||
| 650 | _aREGENERATION | ||
| 650 | _aDEPRIVED AREAS | ||
| 650 | _aUNFIT HOUSES | ||
| 690 |
_aAffordable housing _96215 |
||
| 942 | _n0 | ||
| 999 |
_c68960 _d68960 |
||